000
00226 a2200097 4500
001
42174
100
_a
Bhatia H S
245
_a
Mil. dictionary & Encyclopedia
260
_a
_b
Deep & Deep Publishers
_c
090
_c
26163
_d
26163
942
_a
NUST-CAE
_c
M
_c
17962
999
_c
277247
_d
277247